[Event "POL-chT4 Kujawsko Pomorskie 0708"]
[Site "Poland"]
[Date "2008.01.27"]
[Round "6.10"]
[White "Palacz, Tomasz"]
[Black "Gawlowski, Robert"]
[Result "1-0"]
[WhiteElo "1941"]
[BlackElo "1968"]
[PlyCount "58"]
[EventDate "2007.11.04"]
[EventType "team-tourn"]
[EventRounds "11"]
[EventCountry "POL"]
[SourceTitle "EXT 2019"]
[Source "ChessBase"]
[SourceDate "2018.10.10"]
[SourceVersion "1"]
[SourceVersionDate "2018.10.10"]
[SourceQuality "1"]

1. e4 c5 2. Nf3 d6 3. d4 cxd4 4. Nxd4 Nf6 5. Bb5+ Bd7 6. Qe2 Nc6 7. Nxc6 bxc6 8. Bd3 e5 9. Bg5 Be7 10. 0-0 0-0 11. Nd2 h6 12. Bh4 Re8 13. h3 Qc7 14. Bg3 g6 15. Qe3 Kg7 16. f4 Nh5 17. Bh2 Bf6 18. fxe5 Bxe5 19. Qf3 Be6 20. g4 Bxh2+ 21. Kxh2 d5+ 22. Kg2 dxe4 23. Bxe4 Rad8 24. Rad1 Bxg4 25. hxg4 Rxd2+ 26. Rxd2 Rxe4 27. gxh5 f5 28. Qc3+ Kh7 29. hxg6+ Kg8 1-0

[Event "Pieczyska op"]
[Site "Pieczyska"]
[Date "2007.06.28"]
[Round "8"]
[White "Palacz, Tomasz"]
[Black "Sliwicki, Damian"]
[Result "1-0"]
[WhiteElo "1940"]
[BlackElo "1800"]
[PlyCount "113"]
[EventDate "2007.06.23"]
[EventType "swiss"]
[EventRounds "9"]
[EventCountry "POL"]
[SourceTitle "EXT 2008"]
[Source "ChessBase"]
[SourceDate "2007.11.25"]
[SourceVersion "1"]
[SourceVersionDate "2007.11.25"]
[SourceQuality "1"]

1. Nf3 Nc6 2. c4 e5 3. Nc3 Nf6 4. d4 exd4 5. Nxd4 Bc5 6. Nb3 Bb4 7. Bd2 0-0 8. e3 b6 9. Be2 Bb7 10. 0-0 a5 11. a4 d5 12. cxd5 Nxd5 13. Nxd5 Qxd5 14. Bf3 Qd6 15. Bxb4 Qxb4 16. Qc2 Rac8 17. Rfd1 Ba8 18. Rd4 Qe7 19. Bxc6 Bxc6 20. Qxc6 Rfd8 21. Rad1 Rxd4 22. Rxd4 Rd8 23. Rxd8+ Qxd8 24. Nd4 h6 25. g3 Kf8 26. Kg2 Qc8 27. Nb5 Ke7 28. Nxc7 Kd8 29. Qd6+ Qd7 30. Qxd7+ Kxd7 31. Nd5 Kc6 32. e4 Kc5 33. Kf3 b5 34. axb5 Kxb5 35. b3 Kc5 36. Ke3 f5 37. f3 g5 38. g4 f4+ 39. Kd3 Kd6 40. Kd4 Ke6 41. Nb6 Kd6 42. Nc4+ Ke6 43. Nxa5 Kd6 44. b4 Kd7 45. Kd5 h5 46. h3 hxg4 47. hxg4 Kd8 48. Kd6 Kc8 49. e5 Kd8 50. b5 Ke8 51. e6 Kd8 52. b6 Ke8 53. b7 Kf8 54. b8Q+ Kg7 55. e7 Kf6 56. Qh8+ Kg6 57. e8Q# 1-0

[Event "POL-chT Region 0607"]
[Site "Poland"]
[Date "2006.11.26"]
[Round "3"]
[White "Palacz, Tomasz"]
[Black "Sobczyk, Grzegorz"]
[Result "1-0"]
[WhiteElo "1940"]
[BlackElo "1800"]
[PlyCount "57"]
[EventDate "2006.11.12"]
[EventType "team-tourn"]
[EventRounds "11"]
[EventCountry "POL"]
[SourceTitle "EXT 2008"]
[Source "ChessBase"]
[SourceDate "2007.11.25"]
[SourceVersion "1"]
[SourceVersionDate "2007.11.25"]
[SourceQuality "1"]

1. c4 e6 2. Nc3 Nf6 3. b3 g6 4. Bb2 Bg7 5. Ne4 d5 6. Nxf6+ Bxf6 7. Bxf6 Qxf6 8. e3 d4 9. Qf3 Qg7 10. exd4 0-0 11. Qc3 Re8 12. Nf3 Nd7 13. Be2 b6 14. 0-0 Bb7 15. Rac1 c5 16. dxc5 Nxc5 17. Qxg7+ Kxg7 18. d4 Ne4 19. Rfd1 Rac8 20. Nd2 Nxd2 21. Rxd2 Red8 22. Rcd1 Kf6 23. f4 Ke7 24. Kf2 Rc7 25. Bf3 Bc8 26. d5 b5 27. d6+ Rxd6 28. Rxd6 bxc4 29. Rc6 1-0

[Event "POL-chT Region 0607"]
[Site "Poland"]
[Date "2006.11.12"]
[Round "1"]
[White "Palacz, Tomasz"]
[Black "Grylewicz, Bernard"]
[Result "1-0"]
[WhiteElo "1940"]
[BlackElo "2000"]
[PlyCount "78"]
[EventDate "2006.11.12"]
[EventType "team-tourn"]
[EventRounds "11"]
[EventCountry "POL"]
[SourceTitle "EXT 2008"]
[Source "ChessBase"]
[SourceDate "2007.11.25"]
[SourceVersion "1"]
[SourceVersionDate "2007.11.25"]
[SourceQuality "1"]

1. c4 e5 2. Nc3 Nf6 3. g3 Nc6 4. Bg2 Bb4 5. a3 Bxc3 6. dxc3 a5 7. Qa4 0-0 8. b4 e4 9. b5 Ne5 10. Bg5 h6 11. Bf4 Ng6 12. Nh3 d6 13. Be3 Ng4 14. Bd4 Re8 15. 0-0 Bd7 16. Rfd1 b6 17. Qc2 Qe7 18. a4 f5 19. Nf4 Nxf4 20. gxf4 Rac8 21. h3 Nf6 22. e3 Be6 23. Bf1 Nh7 24. Qe2 Qh4 25. f3 Bf7 26. Qf2 Qxf2+ 27. Kxf2 exf3 28. Bd3 g6 29. Rg1 Kf8 30. Kxf3 c5 31. bxc6 Rxc6 32. h4 Bxc4 33. Bxc4 Rxc4 34. Rxg6 Rxd4 35. cxd4 Kf7 36. Rxd6 Nf6 37. Rc1 Ne4 38. Rxb6 Re7 39. Rxh6 Kg7 1-0

[Event "KPZS-ch"]
[Site "Sepolno Kraj"]
[Date "2006.06.25"]
[Round "3"]
[White "Zebracki, Tomasz"]
[Black "Palacz, Tomasz"]
[Result "0-1"]
[WhiteElo "1800"]
[BlackElo "1964"]
[PlyCount "78"]
[EventDate "2006.06.24"]
[EventType "swiss"]
[EventRounds "9"]
[EventCountry "POL"]
[SourceTitle "EXT 2007"]
[Source "ChessBase"]
[SourceDate "2006.11.23"]
[SourceVersion "1"]
[SourceVersionDate "2006.11.23"]
[SourceQuality "1"]

1. e4 c6 2. d4 d5 3. Nc3 dxe4 4. Nxe4 Nf6 5. Bd3 Qxd4 6. Nxf6+ Qxf6 7. Qf3 Nd7 8. Qxf6 Nxf6 9. Nf3 Bg4 10. Ne5 Bh5 11. h3 e6 12. Be2 Bc5 13. Nd3 Bb6 14. Bxh5 Nxh5 15. Bd2 Nf6 16. Bc3 Ne4 17. Bxg7 Rg8 18. Bh6 Rxg2 19. Bf4 Nxf2 20. Nxf2 Rxf2 21. Rg1 0-0-0 22. Rf1 Rxc2 23. Rb1 c5 24. Rf2 Rxf2 25. Kxf2 Bc7 26. Bxc7 Kxc7 27. Ke2 b5 28. Rc1 Kc6 29. b4 c4 30. Rg1 f5 31. Rg7 Rd7 32. Rg3 f4 33. Rg4 e5 34. Rg5 Kd5 35. Rg1 Ke4 36. a4 f3+ 37. Ke1 c3 38. Kf2 Rd2+ 39. Kg3 Rg2+ 0-1

[Event "KPZS-ch"]
[Site "Sepolno Kraj"]
[Date "2006.06.24"]
[Round "1"]
[White "Palacz, Tomasz"]
[Black "Karbowiak, Adam"]
[Result "0-1"]
[WhiteElo "1964"]
[BlackElo "2249"]
[PlyCount "58"]
[EventDate "2006.06.24"]
[EventType "swiss"]
[EventRounds "9"]
[EventCountry "POL"]
[SourceTitle "EXT 2007"]
[Source "ChessBase"]
[SourceDate "2006.11.23"]
[SourceVersion "1"]
[SourceVersionDate "2006.11.23"]
[SourceQuality "1"]

1. e4 e6 2. f4 d5 3. e5 c5 4. Bb5+ Nc6 5. Bxc6+ bxc6 6. Nf3 Ba6 7. b3 Qa5 8. Bb2 Nh6 9. Bc3 Qb6 10. d3 Nf5 11. Qd2 c4 12. g4 Qe3+ 13. Qe2 cxd3 14. cxd3 Qc1+ 15. Kf2 Bc5+ 16. d4 Qxf4 17. Qd2 Qxg4 18. dxc5 Nh4 19. Nxh4 Qxh4+ 20. Kg1 f6 21. Na3 d4 22. Qxd4 Qg5+ 23. Kf2 0-0 24. Ke1 Qg2 25. Qf2 Qxh1+ 26. Kd2 Rad8+ 27. Kc2 Qe4+ 28. Kb2 fxe5 29. Qe1 Qg2+ 0-1